| 000 | 01389nam0a2200373 4500 | ||
|---|---|---|---|
| 001 | RU\NLR\bibl\1737815 | ||
| 005 | 20250616111726.0 | ||
| 010 |
_a978-5-9567-1275-7 _93000 |
||
| 021 |
_aRU _b2011-3018 _9202 |
||
| 035 | _a(NLR Aleph) 001728742 | ||
| 090 |
_a1385973 _c1385973 |
||
| 100 | _a20110217d2011 |||y0rusy50 ca | ||
| 101 | 0 | _arus | |
| 102 | _aRU | ||
| 105 | _aa ||||||||| | ||
| 200 | 1 |
_aДождевые черви для высокого урожая, или Золото под ногами _fС. Малай |
|
| 210 |
_aРостов-на-Дону _cВладис _d2011 |
||
| 215 |
_a190, [1] с. _d20 |
||
| 225 | 1 | _aЗолотые советы фермеру | |
| 300 | _aНа обл. авт. не указан | ||
| 320 | _aБиблиогр.: с. 187-189 (23 назв.) | ||
| 517 | 0 | _aЗолото под ногами | |
| 606 | 1 |
_aДождевые черви _xКультивирование _92490832 _3RU\NLR\auth\661477959 |
|
| 606 | 1 |
_aВермикомпосты _xПрименение на приусадебных участках _92164922 _3RU\NLR\auth\661302686 |
|
| 686 | _aП031.85 | ||
| 686 | _aП040.29 | ||
| 700 | 1 |
_aМалай _bС. А. _gСергей Андреевич _4070 |
|
| 801 | 0 |
_aRU _bNLR _c20110217 _gRCR |
|
| 801 | 1 |
_aRU _bNLR _c20110217 |
|
| 830 | _aавт. по кн. | ||
| 942 | _cBOOK | ||
| 980 | _aNB | ||
| 980 | _aNBR | ||